| 000 | 00347nam a2200133Ia 4500 | ||
|---|---|---|---|
| 008 | 240624s9999 xx 000 0 und d | ||
| 041 | _aeng | ||
| 082 | _a900 ANT | ||
| 100 | _aANTHONY DAVID W | ||
| 245 | _aHORSE THE WHEEL AND LANGUAGE HOW BRONZE | ||
| 260 |
_c2010 _aNew Jersey _bPrinceton University Press |
||
| 300 | _a568 : p. | ||
| 365 |
_c _b26 |
||
| 999 |
_c20160 _d20160 |
||